| 000 | 00610nam a22001815i 4500 | ||
|---|---|---|---|
| 001 | 48523 | ||
| 003 | ES-MaACL | ||
| 005 | 20230906161752.0 | ||
| 007 | t| | ||
| 008 | 950725s1844 fr ||||1| fre d | ||
| 040 |
_aCAM _bspa _cCAM |
||
| 100 | 1 |
_aDemangeat, Charles. _943617 |
|
| 245 | 1 | 0 |
_aHistoire de la condition civile des étrangers en France dans l'ancien et dans le nouveau droit... / _cpar Charles Demangeat. |
| 260 |
_aParis : _bJoubert, _c1844 ( _eCorbeil : _fimprimerie de Crété) |
||
| 300 |
_a[4], XI, [1] en bl., 424 p. ; _c21 cm. |
||
| 852 |
_aES-MaACL _jC-3386 |
||
| 852 |
_aES-MaACL _jF-11829 |
||
| 999 |
_c48523 _d48523 |
||